Výkonnosť vybraných nedeterministických algoritmov riešiacich multidimenzionálny problém batohu

Multidimenzionálny problém batohu. Vybrané nedeterministické riešenia.

Guardado en:
Detalles Bibliográficos
Autor principal: Pittner, Ján
Formato: Capítulo de libro
Lenguaje:eslovaco
Materias:
Etiquetas: Agregar Etiqueta
Sin Etiquetas, Sea el primero en etiquetar este registro!

MARC

LEADER 00000naa a2200000 4500
001 0166090
005 20240502072908.0
041 0 |a slo 
044 |a SK 
245 1 0 |a Výkonnosť vybraných nedeterministických algoritmov riešiacich multidimenzionálny problém batohu  |c Ján Pittner 
520 |a Multidimenzionálny problém batohu. Vybrané nedeterministické riešenia. 
610 2 0 |a algoritmy 
610 2 0 |a rozhodovanie investičné 
610 2 0 |a simulácia 
100 1 |a Pittner, Ján